Особенности регулирования трудовых отношений: федеральный и региональный аспекты (Запись № 1119105)

Подробности
000 -МАРКЕР
контрольное поле 02398nam1a2200337 i 4500
001 - ИДЕНТИФИКАТОР ЗАПИСИ
контрольное поле RU\NLR\bibl\1391829
005 - ИДЕНТИФИКАТОР ВЕРСИИ
контрольное поле 20260408191249.0
035 ## - ДРУГИЕ СИСТЕМНЫЕ НОМЕРА
Идентификатор записи (NLR Aleph) 001383862
100 ## - ДАННЫЕ ОБЩЕЙ ОБРАБОТКИ
Данные общей обработки 20090713g20089999k y0rusy50 ca
101 0# - ЯЗЫК РЕСУРСА
Язык текста, звукозаписи и т.д. русский
102 ## - СТРАНА ПУБЛИКАЦИИ ИЛИ ПРОИЗВОДСТВА
Страна публикации российская федерация
105 ## - ПОЛЕ КОДИРОВАННЫХ ДАННЫХ: ТЕКСТОВЫЕ МАТЕРИАЛЫ, МОНОГРАФИЧЕСКИЕ
Кодированные данные о монографическом текстовом документе ||||z |||||
200 1# - ЗАГЛАВИЕ И СВЕДЕНИЯ ОБ ОТВЕТСТВЕННОСТИ
Основное заглавие Особенности регулирования трудовых отношений: федеральный и региональный аспекты
Сведения, относящиеся к заглавию сборник статей и материалов шестой Юбилейной научно-практической конференции студентов, аспирантов и преподавателей
Первые сведения об ответственности [ред. кол.: д.ю.н., проф. Бачурин Д. В. (отв. ред.) и др.]
210 ## - ПУБЛИКАЦИЯ, РАСПРОСТРАНЕНИЕ И ДР.
Место издания, распространения и т.д. Минеральные Воды
-- Пятигорск
Имя издателя, распространителя и т. д. Рекламно-информационное агентство на КМВ
Дата издания, распространения и т.д. 2008
215 ## - ФИЗИЧЕСКАЯ ХАРАКТЕРИСТИКА
Размеры 21
300 ## - ОБЩИЕ ПРИМЕЧАНИЯ
Текст примечания В надзаг.: Фил. негос. образоват. учреждения высш. проф. образования "Моск. ин-т предпринимательства и права" в г. Минеральные Воды
300 ## - ОБЩИЕ ПРИМЕЧАНИЯ
Текст примечания Загл. обл.: Сборник статей и материалов
300 ## - ОБЩИЕ ПРИМЕЧАНИЯ
Текст примечания На тит. л.: 10 лет филиалу НОУ ВПО "МИПП" в г. Минеральные Воды
463 #0 - УРОВЕНЬ ФИЗИЧЕСКОЙ ЕДИНИЦЫ
Встроенное поле 0011334960
512 1# - ЗАГЛАВИЕ ОБЛОЖКИ
Заглавие обложки Сборник статей и материалов
606 ## - НАИМЕНОВАНИЕ ТЕМЫ КАК ПРЕДМЕТ
Наименование темы Трудовые отношения
Тематический подзаголовок Правовое регулирование
Географический подзаголовок Российская Федерация
Формальный подзаголовок Съезды, совещания и т.п.
Идентификатор авторитетной/нормативной записи RU\NLR\auth\661267418
Системный номер авторитетной/нормативной записи 2094538
686 ## - ИНДЕКСЫ ДРУГИХ КЛАССИФИКАЦИЙ
Индекс Х627.1я431
702 #1 - ИМЯ ЛИЦА - ВТОРИЧНАЯ ОТВЕТСТВЕННОСТЬ
Код отношения Редактор
Материалы, к которым относится поле rus
Графика поля Кириллица
Начальный элемент ввода Бачурин
Часть имени, кроме начального элемента ввода Д. В.
Дополнения к именам, кроме дат юрист
Расширение инициалов личного имени Дмитрий Вячеславович
Идентификатор авторитетной/нормативной записи RU\NLR\auth\7774306
Системный номер авторитетной/нормативной записи 57234
712 02 - НАИМЕНОВАНИЕ ОРГАНИЗАЦИИ - ВТОРИЧНАЯ ОТВЕТСТВЕННОСТЬ
Код отношения Прочие
Начальный элемент ввода Московский институт предпринимательства и права
Структурное подразделение Филиал
Идентифицирующий признак Минеральные Воды
Структурное подразделение Юбилейная научно-практическая конференция студентов, аспирантов и преподавателей
Порядковый номер временной организации и / или порядковый номер ее части 6
Дата проведения временной организации 2008
Идентификатор авторитетной/нормативной записи RU\NLR\AUTH\8810129676
Системный номер авторитетной/нормативной записи 756126
801 #0 - ИСТОЧНИК ЗАПИСИ
Страна российская федерация
Организация NLR
Дата составления 20090713
Правила каталогизации RCR
801 #1 - ИСТОЧНИК ЗАПИСИ
Страна российская федерация
Организация NLR
Дата составления 20090713
852 ## - МЕСТОНАХОЖДЕНИЕ И ШИФР ХРАНЕНИЯ
Идентификатор организации NLR
Шифр хранения (Call Number) 2009-3/5639
942 ## - ДОПОЛНИТЕЛЬНЫЕ ЭЛЕМЕНТЫ ЗАПИСИ (АБИС)
Тип экземпляра АБИС Книга

Нет доступных экземпляров.